| 000 | 00807nam a2200193 a 4500 | ||
|---|---|---|---|
| 999 |
_c7609 _d7609 |
||
| 003 | OSt | ||
| 005 | 20211227130148.0 | ||
| 008 | A00321s1972 sp 000 spa | ||
| 016 | _aDL M15966-1974 | ||
| 040 |
_bcat _cCDMR |
||
| 100 | 1 |
_aVázquez, Jesús María _91671 |
|
| 245 | 1 | 0 |
_aEstudio sociográfico de la actual prensa infantil y juvenil en España: [V curso para la obtención del diploma en publicaciones infantiles y juveniles, Madrid 12 febrero-8 marzo 1973] / _cpor Jesús María Vázquez |
| 260 |
_aMadrid : _bPublicaciones de la Secretaría de la Escuela de Periodismo, _c1974 |
||
| 300 |
_a32 pàgines _c; 22 cm |
||
| 650 | 0 | 0 |
_aRevistes infantils _94166 _zEspanya _y1973 |
| 650 | 0 | 0 |
_aRevistes juvenils _94803 _zEspanya _y1973 |
| 710 | 2 |
_aEscuela Oficial de Periodismo _92816 |
|
| 942 |
_2udc _cFULLET |
||